000 00801nam a22002297a 4500
999 _c7647
_d7647
003 OSt
005 20220122122825.0
008 220122b ||||| |||| 00| 0 eng d
020 _a0415463890
040 _cDDC
082 _a362.5096 UND 2008
100 _aChristopher B. Barrett: Michael R. Carter : Peter D. Little
_915633
245 _aUnderstanding and reducing persistent poverty in Africa.
260 _aNew York :
_bRoutledge;
_c 2008
300 _a210 pages :
_billustrations, maps ;
_c25cm.
504 _aIncludes bibliographical references and index
650 _aPoverty -- Africa
_915634
650 _aPoverty -- Government policy -- Africa
_915635
650 _aAfrica -- Economic policy
_915636
650 _aAfrica -- Economic conditions -- 1960-
_915637
942 _2ddc
_cBOOK